[Event "SVK-ch op-B"]
[White "Toma, Rudolf"]
[Black "Blicha, Martin"]
[Site "Banska Stiavnica"]
[Round "8.6"]
[Result "1-0"]
[Date "2007.07.14"]
[WhiteElo "2068"]
[BlackElo "1978"]
[PlyCount "135"]
[EventDate "2007.07.07"]
[EventType "swiss"]
[EventRounds "9"]
[EventCountry "SVK"]
[SourceTitle "EXT 2010"]
[Source "ChessBase"]
[SourceDate "2010.11.25"]
[SourceVersion "1"]
[SourceVersionDate "2010.11.25"]
[SourceQuality "1"]

1. d4 d5 2. g3 Nf6 3. Bg2 e6 4. Nf3 c5 5. c3 Nc6 6. 0-0 Bd6 7. Nbd2 cxd4 8. cxd4 0-0 9. Re1 Bb4 10. a3 Ba5 11. b4 Bb6 12. Bb2 Bd7 13. Rc1 Rc8 14. Nb3 Ne4 15. Nc5 Nxc5 16. dxc5 Bc7 17. e4 Ne7 18. Ng5 Bc6 19. Qg4 d4 20. e5 Bxg2 21. Kxg2 Qd5+ 22. Qe4 Qxe4+ 23. Rxe4 h6 24. Nf3 d3 25. Rd1 b6 26. cxb6 Bxb6 27. Rxd3 Rc2 28. Rd2 Rfc8 29. Ree2 R2c4 30. Ne1 a5 31. bxa5 Bxa5 32. Rc2 Bc3 33. Bxc3 Rxc3 34. Rxc3 Rxc3 35. Ra2 Nc6 36. f4 Kf8 37. Rc2 Rxc2+ 38. Nxc2 Ke7 39. Kf2 Kd7 40. Ke3 Na5 41. Kd3 Kc6 42. Kc3 Kb5 43. Nd4+ Ka4 44. f5 exf5 45. Nxf5 Nc6 46. Nxg7 Nxe5 47. Nf5 Ng4 48. h3 Nf2 49. h4 Kxa3 50. Kd4 Ng4 51. Ke4 Kb4 52. Kf4 h5 53. Ng7 Nf6 54. Kf5 Ng8 55. Nxh5 Kc5 56. Nf6 Ne7+ 57. Kg5 Kd6 58. g4 Ke5 59. h5 Ke6 60. Ne8 Ke5 61. h6 Ng6 62. h7 Nh8 63. Nf6 Ke6 64. Nh5 Ke7 65. Kf5 Ng6 66. Nf4 Nh8 67. Nd5+ Kd6 68. Kf6 1-0

[Event "SVK-ch op-B"]
[White "Svonavec, Stefan"]
[Black "Blicha, Martin"]
[Site "Banska Stiavnica"]
[Round "7"]
[Result "0-1"]
[Date "2007.07.13"]
[WhiteElo "2100"]
[BlackElo "1978"]
[PlyCount "134"]
[EventDate "2007.07.07"]
[EventType "swiss"]
[EventRounds "9"]
[EventCountry "SVK"]
[SourceTitle "CBM 119 Extra"]
[Source "ChessBase"]
[SourceDate "2007.09.04"]
[SourceVersion "1"]
[SourceVersionDate "2007.09.04"]
[SourceQuality "1"]

1. e4 e6 2. c4 d5 3. exd5 exd5 4. d4 Nf6 5. Nc3 c6 6. Nf3 Bb4 7. a3 Bxc3+ 8. bxc3 0-0 9. Be2 Ne4 10. Qb3 dxc4 11. Bxc4 Nd6 12. Bg5 Qc7 13. Be2 Be6 14. Qc2 Bf5 15. Qb2 Ne4 16. Be3 Nd7 17. h3 Nb6 18. c4 Rfe8 19. Qb3 Qe7 20. 0-0 Ng3 21. Rfe1 Nxe2+ 22. Rxe2 Be6 23. Rc1 Nxc4 24. Bf4 Nb6 25. Qb2 Rac8 26. Ng5 Qf6 27. g3 Bf5 28. Rce1 Rxe2 29. Qxe2 Bd7 30. Qd3 Qg6 31. Qxg6 fxg6 32. h4 Re8 33. Rxe8+ Bxe8 34. Ne4 Nc4 35. Bc1 Bd7 36. Kf1 Bf5 37. Nc3 Kf7 38. Ke2 Ke6 39. f3 Bc2 40. g4 a6 41. Kf2 b5 42. Ke2 a5 43. d5+ Kd7 44. h5 gxh5 45. gxh5 b4 46. dxc6+ Kxc6 47. axb4 axb4 48. Na2 Kc5 49. h6 g6 50. f4 b3 51. Nc3 b2 52. Bxb2 Nxb2 53. Kf2 Nc4 54. Kg3 Nd6 55. Kh4 Nf7 56. Kg4 Nxh6+ 57. Kg5 Ng8 58. Ne2 h6+ 59. Kh4 Ne7 60. Nc3 Nd5 61. Ne2 Bd3 62. Nc1 Bc4 63. Kg4 Ne3+ 64. Kf3 Nf5 65. Ke4 Kd6 66. Kf3 Kd5 67. Kg4 Ke4 0-1

[Event "SVK-ch U18"]
[White "Mertens, Tomas"]
[Black "Blicha, Martin"]
[Site "Liptovsky Mikulas"]
[Round "9"]
[Result "1-0"]
[Date "2007.04.27"]
[WhiteElo "1969"]
[BlackElo "1924"]
[PlyCount "55"]
[EventDate "2007.04.22"]
[EventType "swiss"]
[EventRounds "9"]
[EventCountry "SVK"]
[SourceTitle "EXT 2008"]
[Source "ChessBase"]
[SourceDate "2007.11.25"]
[SourceVersion "1"]
[SourceVersionDate "2007.11.25"]
[SourceQuality "1"]

1. e4 e6 2. d4 d5 3. Nc3 Nf6 4. Bg5 Bb4 5. e5 h6 6. Be3 Ne4 7. Qg4 g6 8. Bd3 Bxc3+ 9. bxc3 Nxc3 10. h4 c5 11. h5 g5 12. dxc5 Nc6 13. Nf3 Bd7 14. 0-0 Qc7 15. a4 0-0-0 16. Ra3 Ne4 17. Bxe4 dxe4 18. Qxe4 Rhf8 19. Rb1 f5 20. exf6 Rxf6 21. Nd4 Nxd4 22. Bxd4 Rf4 23. Qe3 Rh4 24. Be5 Qa5 25. Bg3 Rb4 26. Rxb4 Qxb4 27. Qe5 Bc6 28. Qc7# 1-0

[Event "SVK-ch U18"]
[White "Blicha, Martin"]
[Black "Jancovic, Peter"]
[Site "Liptovsky Mikulas"]
[Round "8"]
[Result "1-0"]
[Date "2007.04.26"]
[WhiteElo "1924"]
[BlackElo "2145"]
[PlyCount "43"]
[EventDate "2007.04.22"]
[EventType "swiss"]
[EventRounds "9"]
[EventCountry "SVK"]
[SourceTitle "EXT 2008"]
[Source "ChessBase"]
[SourceDate "2007.11.25"]
[SourceVersion "1"]
[SourceVersionDate "2007.11.25"]
[SourceQuality "1"]

1. e4 e5 2. Nf3 Nc6 3. Bb5 a6 4. Ba4 d6 5. d4 exd4 6. Nxd4 Bd7 7. Nxc6 bxc6 8. 0-0 Nf6 9. Nc3 Be7 10. Bf4 0-0 11. e5 dxe5 12. Bxe5 Nd5 13. Qf3 f6 14. Nxd5 fxe5 15. Nxe7+ Qxe7 16. Qc3 Qf6 17. Rae1 Rfe8 18. Re3 Re7 19. Rfe1 Rae8 20. Qc4+ Rf7 21. Rf3 Be6 22. Qxc6 1-0

[Event "SVK-ch U18"]
[White "Blicha, Martin"]
[Black "Gono, Michal"]
[Site "Liptovsky Mikulas"]
[Round "5"]
[Result "1/2-1/2"]
[Date "2007.04.24"]
[WhiteElo "1924"]
[BlackElo "1698"]
[PlyCount "70"]
[EventDate "2007.04.22"]
[EventType "swiss"]
[EventRounds "9"]
[EventCountry "SVK"]
[SourceTitle "EXT 2008"]
[Source "ChessBase"]
[SourceDate "2007.11.25"]
[SourceVersion "1"]
[SourceVersionDate "2007.11.25"]
[SourceQuality "1"]

1. e4 e5 2. Nf3 Nc6 3. Bb5 a6 4. Ba4 Nf6 5. 0-0 b5 6. Bb3 Be7 7. Re1 0-0 8. d3 h6 9. c3 d6 10. h3 Bb7 11. d4 exd4 12. cxd4 Qd7 13. Nbd2 Rfe8 14. Nf1 d5 15. e5 Nh7 16. Ne3 Nd8 17. Qd3 Ng5 18. Nxg5 Bxg5 19. Bc2 g6 20. Ng4 Qe6 21. Bxg5 hxg5 22. Nf6+ Kg7 23. Nxe8+ Qxe8 24. Qg3 Ne6 25. Rad1 Qe7 26. a3 Rh8 27. b4 Rh4 28. Qc3 g4 29. Rd3 Nf4 30. Rg3 Bc8 31. hxg4 Bxg4 32. f3 Be6 33. Qe3 Nh5 34. Rg5 Nf4 35. Rg3 Nh5 1/2-1/2

[Event "SVK-chT1E 0607"]
[White "Blicha, Martin"]
[Black "Koval, Maros"]
[Site "Slovakia"]
[Round "10.4"]
[Result "1/2-1/2"]
[Date "2007.03.24"]
[WhiteElo "1981"]
[BlackElo "1948"]
[PlyCount "141"]
[EventDate "2006.10.07"]
[EventType "team-tourn"]
[EventRounds "11"]
[EventCountry "SVK"]
[SourceTitle "EXT 2008"]
[Source "ChessBase"]
[SourceDate "2007.11.25"]
[SourceVersion "1"]
[SourceVersionDate "2007.11.25"]
[SourceQuality "1"]
[WhiteTeam "Kosice sachy.sk	 II"]
[BlackTeam "Margecany OSK"]
[WhiteTeamCountry "SVK"]
[BlackTeamCountry "SVK"]

1. e4 e6 2. d4 d5 3. Nd2 Nf6 4. e5 Nfd7 5. Bd3 c5 6. c3 Nc6 7. Ne2 Qb6 8. Nf3 cxd4 9. cxd4 Bb4+ 10. Kf1 Be7 11. g4 f6 12. exf6 Nxf6 13. Rg1 0-0 14. g5 Ne4 15. Ng3 e5 16. Nxe4 Bh3+ 17. Ke2 dxe4 18. Bxe4 Kh8 19. Be3 exd4 20. Nxd4 Qxb2+ 21. Qd2 Qxd2+ 22. Kxd2 Bb4+ 23. Ke2 Nxd4+ 24. Bxd4 Rae8 25. f3 Bd7 26. Rab1 Bb5+ 27. Ke3 a5 28. a3 Bc6 29. axb4 axb4 30. Rxb4 Rf7 31. Rg3 Rfe7 32. Bc5 Re5 33. Bd4 Ra5 34. Kd3 Ra3+ 35. Bc3 Bxe4+ 36. fxe4 Rc8 37. Rc4 Rd8+ 38. Ke3 b5 39. Rc7 b4 40. Kf4 Rf8+ 41. Ke5 bxc3 42. Rgxc3 Ra5+ 43. R3c5 Raa8 44. Re7 Rad8 45. Rcc7 Rg8 46. h4 Rdf8 47. Rf7 Ra8 48. Kf4 Ra4 49. Kf5 Ra1 50. e5 Rb1 51. Ke4 Ra1 52. e6 Re1+ 53. Kd5 Rd1+ 54. Ke5 Re1+ 55. Kd6 Rd1+ 56. Ke7 Rdd8 57. Rd7 Ra8 58. Kd6 Ra6+ 59. Ke5 Ra5+ 60. Rd5 Raa8 61. e7 Rge8 62. Ke6 Kg8 63. Rf4 g6 64. Rfd4 Ra7 65. Rd7 Ra1 66. Rc7 Raa8 67. Kd7 Kf7 68. Rf4+ Kg8 69. Rc6 Rab8 70. Rff6 Kg7 71. Rb6 1/2-1/2

[Event "SVK-chT1E 0607"]
[White "Jelen, Peter"]
[Black "Blicha, Martin"]
[Site "Slovakia"]
[Round "9.1"]
[Result "1-0"]
[Date "2007.02.11"]
[WhiteElo "2233"]
[BlackElo "1981"]
[PlyCount "91"]
[EventDate "2006.10.07"]
[EventType "team-tourn"]
[EventRounds "11"]
[EventCountry "SVK"]
[SourceTitle "EXT 2008"]
[Source "ChessBase"]
[SourceDate "2007.11.25"]
[SourceVersion "1"]
[SourceVersionDate "2007.11.25"]
[SourceQuality "1"]
[WhiteTeam "Liptov SK Zapad"]
[BlackTeam "Kosice sachy.sk	 II"]
[WhiteTeamCountry "SVK"]
[BlackTeamCountry "SVK"]

1. e4 e6 2. d4 d5 3. e5 c5 4. dxc5 Nc6 5. Nf3 Bxc5 6. Bd3 Nge7 7. Qe2 Nb4 8. Ng5 h6 9. Nf3 Nxd3+ 10. Qxd3 Bd7 11. 0-0 Qb6 12. a4 a6 13. c3 Qc7 14. b4 Ba7 15. Be3 Bxe3 16. Qxe3 0-0 17. Nbd2 Rac8 18. Rfc1 Nf5 19. Qd3 Rfd8 20. g4 Ne7 21. Qe3 b5 22. a5 Ra8 23. Nb3 Bc8 24. Nc5 Nc6 25. Rd1 Ra7 26. Rac1 Qe7 27. Nb3 Rc7 28. Qf4 Rf8 29. Nbd4 f6 30. exf6 Rxf6 31. Qg3 Rg6 32. Nxc6 Rxc6 33. Ne5 Qe8 34. Nxc6 Qxc6 35. h3 Bb7 36. Rd4 Kh7 37. Kh2 Rf6 38. Re1 Qc8 39. h4 Qf8 40. f4 g5 41. hxg5 hxg5 42. fxg5 Rf3 43. Qh4+ Kg8 44. g6 Qf6 45. Qh7+ Kf8 46. g7+ 1-0

[Event "SVK-chT1E 0607"]
[White "Blicha, Martin"]
[Black "Tauber, Marek"]
[Site "Slovakia"]
[Round "7.2"]
[Result "1/2-1/2"]
[Date "2007.01.14"]
[WhiteElo "1981"]
[BlackElo "2193"]
[PlyCount "85"]
[EventDate "2006.10.07"]
[EventType "team-tourn"]
[EventRounds "11"]
[EventCountry "SVK"]
[SourceTitle "EXT 2008"]
[Source "ChessBase"]
[SourceDate "2007.11.25"]
[SourceVersion "1"]
[SourceVersionDate "2007.11.25"]
[SourceQuality "1"]
[WhiteTeam "Kosice sachy.sk	 II"]
[BlackTeam "Kosice Slavia UPJS"]
[WhiteTeamCountry "SVK"]
[BlackTeamCountry "SVK"]

1. e4 e6 2. d4 b6 3. Nf3 Bb7 4. Bd3 c5 5. c3 Nf6 6. Nbd2 Be7 7. 0-0 cxd4 8. cxd4 Ba6 9. Bxa6 Nxa6 10. Re1 0-0 11. Ne5 Rc8 12. a3 d6 13. Ng4 Qc7 14. Nxf6+ Bxf6 15. Nf3 Qc2 16. Qe2 Qxe2 17. Rxe2 Rc4 18. Be3 Rfc8 19. Kf1 Kf8 20. Ke1 Ke8 21. Kd1 e5 22. dxe5 dxe5 23. Nd2 Rc2 24. Rb1 R2c6 25. Nb3 Be7 26. Rc1 Rd8+ 27. Rd2 Rg6 28. g3 h5 29. Rxd8+ Kxd8 30. Ke2 Re6 31. Rc2 g6 32. a4 f5 33. Rc4 Kd7 34. f3 Rc6 35. Rxc6 Kxc6 36. Kd3 Nc7 37. f4 exf4 38. Bxf4 Ne6 39. exf5 gxf5 40. Nd4+ Nxd4 41. Kxd4 Bf6+ 42. Be5 Be7 43. Bf4 1/2-1/2

[Event "SVK-chT1E 0607"]
[White "Blicha, Martin"]
[Black "Mazur, Stefan"]
[Site "Slovakia"]
[Round "5.1"]
[Result "1/2-1/2"]
[Date "2006.12.02"]
[WhiteElo "1981"]
[BlackElo "2039"]
[PlyCount "84"]
[EventDate "2006.10.07"]
[EventType "team-tourn"]
[EventRounds "11"]
[EventCountry "SVK"]
[SourceTitle "EXT 2008"]
[Source "ChessBase"]
[SourceDate "2007.11.25"]
[SourceVersion "1"]
[SourceVersionDate "2007.11.25"]
[SourceQuality "1"]
[WhiteTeam "Kosice sachy.sk	 II"]
[BlackTeam "Michalovce Zemplin"]
[WhiteTeamCountry "SVK"]
[BlackTeamCountry "SVK"]

1. e4 e5 2. Nf3 Nc6 3. Bb5 a6 4. Ba4 Nf6 5. 0-0 Be7 6. Re1 b5 7. Bb3 0-0 8. d3 d5 9. exd5 Nxd5 10. Nxe5 Nxe5 11. Rxe5 c6 12. Nd2 Bd6 13. Re1 Qh4 14. g3 Qh3 15. Ne4 Be7 16. Bg5 f6 17. Bd2 Kh8 18. f3 f5 19. Nf2 Bc5 20. Qe2 Qh5 21. c3 Bd7 22. f4 Bxf2+ 23. Qxf2 Rae8 24. Rxe8 Rxe8 25. Re1 Nf6 26. Rxe8+ Bxe8 27. Qe1 Qf3 28. Qe3 Qh5 29. Qe7 h6 30. Kg2 c5 31. c4 Bc6+ 32. Kf1 Qxh2 33. Bc3 Qh1+ 34. Ke2 Bf3+ 35. Kd2 Qg2+ 36. Kc1 Qf1+ 37. Qe1 Qxd3 38. Bxf6 gxf6 39. Qe8+ Kg7 40. Qe7+ Kg6 41. Qe8+ Kg7 42. Qe7+ Kg6 1/2-1/2

[Event "SVK-ch U18"]
[White "Blicha, Martin"]
[Black "Barczi, Tibor"]
[Site "Brezova pod Bradlom"]
[Round "8"]
[Result "1-0"]
[Date "2006.03.09"]
[WhiteElo "2056"]
[BlackElo "2201"]
[PlyCount "135"]
[EventDate "2006.03.05"]
[EventType "swiss"]
[EventRounds "9"]
[EventCountry "SVK"]
[SourceTitle "EXT 2008"]
[Source "ChessBase"]
[SourceDate "2007.11.25"]
[SourceVersion "1"]
[SourceVersionDate "2007.11.25"]
[SourceQuality "1"]

1. e4 e6 2. d4 d5 3. Nd2 Nf6 4. e5 Nfd7 5. Bd3 c5 6. c3 Nc6 7. Ne2 cxd4 8. cxd4 f6 9. exf6 Nxf6 10. Nf3 Bd6 11. 0-0 0-0 12. Bg5 Qb6 13. Nc3 Bd7 14. a3 Rae8 15. b4 Kh8 16. Na4 Qc7 17. Bh4 b6 18. Bg3 Bxg3 19. hxg3 e5 20. dxe5 Nxe5 21. Rc1 Nxf3+ 22. gxf3 Qe5 23. f4 Qe6 24. Nb2 Qh3 25. Qf3 Bg4 26. Qh1 Qxh1+ 27. Kxh1 Bf3+ 28. Kg1 Ne4 29. Rfe1 g5 30. fxg5 Re5 31. Bf1 Rxg5 32. Nd3 Rh5 33. Bg2 Rhf5 34. Rc2 h5 35. Re3 h4 36. Bxf3 Rxf3 37. gxh4 Rg8+ 38. Kf1 Rf7 39. f3 Ng3+ 40. Kf2 Ne4+ 41. Ke2 Rg2+ 42. Kd1 Rg1+ 43. Re1 Rxe1+ 44. Nxe1 Nd6 45. Ke2 Nb5 46. Rd2 Kh7 47. a4 Nc3+ 48. Ke3 Re7+ 49. Kf2 Kg6 50. Ng2 Rf7 51. Kg3 Kf5 52. Ne3+ Ke5 53. Ng4+ Ke6 54. a5 b5 55. Rc2 Rc7 56. Rd2 Rc4 57. h5 Rxb4 58. h6 Kf7 59. h7 Kg7 60. Nf6 d4 61. Rh2 Kh8 62. Rh4 Rb1 63. Kf2 Rb2+ 64. Kg1 Rb1+ 65. Kg2 Rb2+ 66. Kg3 Nd1 67. Rxd4 Nf2 68. Kh4 1-0

[Event "SVK-ch U18"]
[White "Blicha, Martin"]
[Black "Farkas, Gabor"]
[Site "Brezova pod Bradlom"]
[Round "6"]
[Result "1/2-1/2"]
[Date "2006.03.08"]
[WhiteElo "2056"]
[BlackElo "2212"]
[PlyCount "103"]
[EventDate "2006.03.05"]
[EventType "swiss"]
[EventRounds "9"]
[EventCountry "SVK"]
[SourceTitle "EXT 2008"]
[Source "ChessBase"]
[SourceDate "2007.11.25"]
[SourceVersion "1"]
[SourceVersionDate "2007.11.25"]
[SourceQuality "1"]

1. e4 c5 2. Nf3 Nc6 3. d4 cxd4 4. Nxd4 Nf6 5. Nc3 e5 6. Ndb5 d6 7. a4 a6 8. Na3 Be6 9. Bc4 Be7 10. Bg5 0-0 11. 0-0 Rc8 12. b3 Nd4 13. Be3 Bxc4 14. bxc4 Ne6 15. f3 Nc5 16. Qd2 Qd7 17. Rfb1 Bd8 18. Nd5 Nxa4 19. Qb4 Nxd5 20. cxd5 Nc5 21. Bxc5 Rxc5 22. Qxb7 Qxb7 23. Rxb7 f5 24. Rab1 fxe4 25. fxe4 Bg5 26. g3 Be3+ 27. Kh1 Rc3 28. R1b3 Rf1+ 29. Kg2 Rf2+ 30. Kh1 Rxb3 31. cxb3 g5 32. Nc4 Bc5 33. b4 Rf1+ 34. Kg2 Rb1 35. Rd7 Rxb4 36. Nxd6 g4 37. h4 Bxd6 38. Rxd6 Rxe4 39. Rxa6 Rd4 40. d6 Kf7 41. Ra7+ Kg6 42. Re7 Kf5 43. d7 h5 44. Kf2 Kf6 45. Rh7 Ke6 46. Ke3 Rxd7 47. Rxh5 Rf7 48. Ke4 Rf3 49. Rxe5+ Kf6 50. Rg5 Rxg3 51. Kf4 Rg1 52. Rxg4 1/2-1/2

[Event "SVK-chT1E 0506"]
[White "Sokol, Milan"]
[Black "Blicha, Martin"]
[Site "Slovakia"]
[Round "8"]
[Result "1-0"]
[Date "2006.02.04"]
[WhiteElo "2094"]
[BlackElo "1988"]
[PlyCount "73"]
[EventDate "2005.10.15"]
[EventType "team-tourn"]
[EventRounds "11"]
[EventCountry "SVK"]
[SourceTitle "EXT 2009"]
[Source "ChessBase"]
[SourceDate "2008.11.26"]
[SourceVersion "1"]
[SourceVersionDate "2008.11.26"]
[SourceQuality "1"]

1. e4 e6 2. d4 d5 3. e5 c5 4. Qg4 cxd4 5. Bd3 Nc6 6. Nf3 f5 7. Qg3 Bd7 8. 0-0 Qc7 9. Bd2 Nge7 10. c3 0-0-0 11. Na3 a6 12. Rfc1 h6 13. b4 g5 14. cxd4 Ng6 15. Rab1 Be7 16. h3 Rdf8 17. Rb3 Kb8 18. b5 Bxa3 19. Rxa3 axb5 20. Bb4 Nxb4 21. Rxc7 Kxc7 22. Nd2 Kb6 23. Bf1 Rc8 24. Rb3 Nxa2 25. Rb2 Rc3 26. f3 Ra8 27. Nb3 Nf4 28. Qe1 b4 29. Nc5 Bc8 30. Rxb4+ Nxb4 31. Qxc3 Nc6 32. g3 Ng6 33. Qb3+ Kc7 34. Na4 Nge7 35. Qa3 Bd7 36. Qd6+ Kd8 37. Nb6 1-0

[Event "SVK-chT1E 0506"]
[White "Chudy, Rastislav"]
[Black "Blicha, Martin"]
[Site "Slovakia"]
[Round "7"]
[Result "1-0"]
[Date "2006.01.14"]
[WhiteElo "2108"]
[BlackElo "1988"]
[PlyCount "107"]
[EventDate "2005.10.15"]
[EventType "team-tourn"]
[EventRounds "11"]
[EventCountry "SVK"]
[SourceTitle "EXT 2009"]
[Source "ChessBase"]
[SourceDate "2008.11.26"]
[SourceVersion "1"]
[SourceVersionDate "2008.11.26"]
[SourceQuality "1"]

1. d4 d5 2. c4 c6 3. e3 Nf6 4. Nc3 e6 5. Nf3 Nbd7 6. Bd3 dxc4 7. Bxc4 b5 8. Bd3 Bb7 9. e4 a6 10. e5 Nd5 11. 0-0 Nxc3 12. bxc3 Be7 13. Qe2 c5 14. Rd1 Qc7 15. Ng5 Bxg5 16. Bxg5 h6 17. Be3 c4 18. Bc2 Nb6 19. Qg4 g5 20. Qe2 Nd5 21. Bd2 Bc6 22. Be4 Ne7 23. a4 Qb7 24. f3 Nd5 25. Rdb1 Ke7 26. Qe1 Qd7 27. Qc1 f6 28. exf6+ Nxf6 29. Bxc6 Qxc6 30. axb5 axb5 31. Qb2 Rxa1 32. Rxa1 Rb8 33. Ra7+ Rb7 34. Qa3+ Kf7 35. Ra8 Ne8 36. h4 Kg6 37. Qf8 Ng7 38. hxg5 hxg5 39. Qd8 Qd5 40. Qxd5 exd5 41. Ra6+ Kf7 42. Rd6 Ne6 43. Rxd5 Kf6 44. g3 Rb8 45. Kf2 Rb7 46. Rd6 Ke7 47. Rd5 Kf6 48. Ke3 Re7 49. Kf2 Rb7 50. g4 Rb6 51. Rf5+ Kg6 52. d5 Rd6 53. Be3 Nc7 54. Rxg5+ 1-0

[Event "SVK-chT2D 0506"]
[White "Blicha, Martin"]
[Black "Pcola, Jaroslav1"]
[Site "Slovakia"]
[Round "4.1"]
[Result "0-1"]
[Date "2005.11.27"]
[WhiteElo "2002"]
[BlackElo "2161"]
[PlyCount "50"]
[EventDate "2005.10.22"]
[EventType "tourn"]
[EventRounds "11"]
[EventCountry "SVK"]
[SourceTitle "EXT 2009"]
[Source "ChessBase"]
[SourceDate "2008.11.26"]
[SourceVersion "1"]
[SourceVersionDate "2008.11.26"]
[SourceQuality "1"]

1. e4 e6 2. d4 d5 3. Nd2 c5 4. Ngf3 cxd4 5. exd5 Qxd5 6. Bc4 Qd6 7. 0-0 Nf6 8. Nb3 Nc6 9. Nbxd4 Nxd4 10. Nxd4 Bd7 11. Be3 a6 12. Qf3 Qc7 13. Bb3 Bd6 14. h3 0-0 15. Rad1 e5 16. Nf5 e4 17. Nh6+ Kh8 18. Qe2 gxh6 19. Qd2 Be5 20. Bxh6 Rg8 21. Kh1 Bc6 22. Be3 Rad8 23. Qb4 Rde8 24. Bb6 Qc8 25. Be3 Rxg2 0-1

[Event "SVK-chT1E 0506"]
[White "Blicha, Martin"]
[Black "Hrabusa, Matej"]
[Site "Slovakia"]
[Round "3"]
[Result "0-1"]
[Date "2005.11.05"]
[WhiteElo "1988"]
[BlackElo "2091"]
[PlyCount "68"]
[EventDate "2005.10.15"]
[EventType "team-tourn"]
[EventRounds "11"]
[EventCountry "SVK"]
[SourceTitle "EXT 2009"]
[Source "ChessBase"]
[SourceDate "2008.11.26"]
[SourceVersion "1"]
[SourceVersionDate "2008.11.26"]
[SourceQuality "1"]

1. e4 d5 2. exd5 Nf6 3. d4 Nxd5 4. Nf3 g6 5. Bc4 Bg7 6. c3 0-0 7. 0-0 b6 8. Qe2 Bb7 9. Re1 e6 10. Bg5 Qd6 11. Nbd2 f6 12. Be3 Nc6 13. Ne4 Qd7 14. Rad1 f5 15. Neg5 h6 16. Nh3 g5 17. Bxg5 hxg5 18. Nfxg5 Rae8 19. Qh5 Nf6 20. Qh4 Nd8 21. Nf4 Bd5 22. b3 b5 23. Bd3 Nf7 24. Ng6 Nxg5 25. Nxf8 Nf3+ 26. gxf3 Rxf8 27. Qh3 Kf7 28. Re3 Rh8 29. Qf1 Qd6 30. Re5 Nh5 31. Qe2 Nf4 32. Qe3 Bh6 33. Qe1 Bxf3 34. Rd2 Rg8+ 0-1

[Event "SVK-ch U16"]
[White "Dolnik, Attila"]
[Black "Blicha, Martin"]
[Site "Vrutky"]
[Round "5"]
[Result "1-0"]
[Date "2005.??.??"]
[WhiteElo "2109"]
[BlackElo "2068"]
[PlyCount "41"]
[EventDate "2005.02.13"]
[EventType "swiss"]
[EventRounds "9"]
[EventCountry "SVK"]
[SourceTitle "EXT 2009"]
[Source "ChessBase"]
[SourceDate "2008.11.26"]
[SourceVersion "1"]
[SourceVersionDate "2008.11.26"]
[SourceQuality "1"]

1. e4 c6 2. d4 d5 3. f3 dxe4 4. fxe4 e5 5. Nf3 exd4 6. Bc4 Bg4 7. Bxf7+ Kxf7 8. Ne5+ Ke8 9. Nxg4 Bb4+ 10. Bd2 Bxd2+ 11. Nxd2 Nd7 12. 0-0 Ngf6 13. e5 Nd5 14. Nc4 Rf8 15. Nd6+ Ke7 16. Qd2 Ne3 17. Nxe3 dxe3 18. Qb4 c5 19. Qh4+ Ke6 20. Qg4+ Kxe5 21. Nc4+ 1-0